|
|
|
|
| LEADER |
01037nam a2200241 i 4500 |
| 003 |
GR-PaULI |
| 005 |
20220126142714.0 |
| 008 |
220126s2015 us a|||f |||| 001 0 eng d |
| 952 |
|
|
|0 0
|1 0
|2 ddc
|4 0
|6 930_100000000000000_ART
|7 0
|9 355148
|a ARCH
|b ARCH
|c BSC
|d 2022-01-26
|i 013862
|l 0
|o 930.1 ART
|p 025000215715
|r 2022-01-26 00:00:00
|t 1
|w 2022-01-26
|y BK15
|
| 999 |
|
|
|c 208151
|d 208151
|
| 020 |
|
|
|a 9781493926541
|
| 040 |
|
|
|a GR-PaULI
|b gre
|c GR-PaULI
|e AACR2
|
| 082 |
0 |
4 |
|2 23
|a 930.1
|
| 245 |
0 |
0 |
|a Art and archaeology :
|b collaborations, conversations, criticisms /
|c Ian Alden Russell, Andrew Cochrane editors.
|
| 260 |
|
|
|a New York :
|b Springer,
|c 2015.
|
| 300 |
|
|
|a xi, 252 σ. :
|b εικ. ;
|c 24 εκ.
|
| 490 |
1 |
|
|a One world archaeology
|
| 504 |
|
|
|a Περιλαμβάνει βιβλιογραφία και ευρετήριο.
|
| 700 |
1 |
|
|9 72177
|a Russell, Ian,
|d 1979-
|e επιμελητής.
|
| 700 |
1 |
|
|9 189719
|a Cochrane, Andrew
|e επιμελητής.
|
| 830 |
|
0 |
|9 189720
|a One world archaeology
|
| 942 |
|
|
|2 ddc
|c BK15
|
| 998 |
|
|
|c ΒΑΣΙΛΕΙΟΥ
|d 2022-01
|